000 00611nam a2200193 i 4500
001 103875
003 ES-MaACL
005 20230906183449.0
007 t|
008 051121s1910 fr ||||1| fre d
100 1 _aMeunier, Stanislas.
_980761
245 1 3 _aLes convulsions de l'écorce terrestre /
_cStanislas Meunier.
260 _aParis :
_bErnest Flammarion,
_c1910.
300 _a371 p. con 14 lám. :
_bil. ;
_c19 cm.
490 1 _aBibliothèque de philosophie scientifique
830 0 _aBibliothèque de philosophie scientifique
_9181135
852 _aES-MaACL
_jF-6139
999 _c103875
_d103875